| 000 | 00650nab a2200181 4500 | ||
|---|---|---|---|
| 001 | 244442 | ||
| 003 | OSt | ||
| 005 | 20250130092215.0 | ||
| 007 | tu | ||
| 008 | 200917s2020||||||| | ||
| 040 |
_aDE-2950 _cDE-2950 |
||
| 245 | 0 | 0 |
_aStadt würdigt Spitzensportler für viele Titel und Triumphe _bEhrung. Im Rathaus der Oderstadt fand vor wenigen Tagen die 18. Sportlerehrung statt. Der Hermann-Weingärtner-Preis ging dabei zum ersten Mal an eine Mannschaft/ _cred |
| 264 | _c2024 | ||
| 653 | _aFrankfurt (Oder) | ||
| 653 | _aSportlerehrung | ||
| 773 | 0 |
_g36. Jahrgang (2025) Nr. 20 vom 24.01.2025, S. 16 mit Foto _tMärkische Oderzeitung |
|
| 942 |
_2z _cA |
||
| 999 |
_c373592 _d373592 |
||